000 00239nam a2200097Ia 4500
008 190216s9999||||xx |||||||||||||| ||und||
100 _aAshok G
245 0 _aHindi-Kathambari
260 _bSahithya Pravarthaka Sahakarana Sangam
942 _cBK
999 _c17714
_d17714